[Event "74. Deutsche Meisterschaft"]
[Site "Saarbruecken"]
[Date "2002.11.29"]
[Round "8"]
[White "Seger, Ruediger"]
[Black "Pirrot, Dieter"]
[Result "1-0"]
[WhiteElo "2406"]
[BlackElo "2421"]
[PlyCount "61"]

1. e4 e5 2. Nf3 Nc6 3. Nc3 Nf6 4. d4 exd4 5. Nxd4 Bc5 6. Nxc6 bxc6 7. Bd3 d6 8.
O-O $11 Ng4 9. h3 Ne5 10. Na4 Bb6 11. Nxb6 axb6 12. f4 Nxd3 13. Qxd3 Ba6 14. c4
O-O 15. Rf3 d5 16. exd5 cxd5 17. Qxd5 Qf6 18. Bd2 Rfd8 19. Bc3 Rxd5 20. Bxf6
Bxc4 21. Rg3 g6 22. Rc3 Bxa2 23. Rxc7 Rc5 24. Rb7 Rcc8 25. Rxb6 Be6 26. Rxa8
Rxa8 27. b4 h5 28. b5 g5 29. fxg5 Kh7 30. Be5 Ra2 31. Rxe6 1-0

[Event "74. Deutsche Meisterschaft"]
[Site "Saarbruecken"]
[Date "2002.11.29"]
[Round "8"]
[White "Schulz, Karsten"]
[Black "Breutigam, Martin"]
[Result "0-1"]
[WhiteElo "2321"]
[BlackElo "2398"]
[PlyCount "80"]

1. g3 e5 2. Bg2 Nc6 3. c4 g6 4. Nc3 Bg7 5. e4 d6 6. Nge2 h5 7. h4 Bg4 8. d3 Nd4
9. Qa4+ c6 10. Nxd4 exd4 11. Ne2 Ne7 12. Nf4 O-O 13. Bd2 a6 14. O-O b5 15. Qc2
Qb6 16. b3 Rfb8 17. Rab1 b4 18. Ra1 Ra7 19. a3 c5 20. Ra2 bxa3 21. Rxa3 Qd8 22.
Rfa1 Bc8 23. Re1 Qf8 24. Nd5 Nxd5 25. exd5 Re7 26. Raa1 Rxe1+ 27. Rxe1 Bf5 28.
Bf4 Bh6 29. Bxh6 Qxh6 30. Kh2 g5 31. Be4 Re8 32. Qd2 Bxe4 33. hxg5 Qg6 34. Qf4
f5 35. gxf6 Bxd3 36. Re6 Rxe6 37. dxe6 Qf5 38. Qd2 Be4 39. f3 Bxf3 40. f7+ Kg7
0-1

[Event "74. Deutsche Meisterschaft"]
[Site "Saarbruecken"]
[Date "2002.11.29"]
[Round "8"]
[White "Schunk, Thomas"]
[Black "Mayer, Frank"]
[Result "1-0"]
[WhiteElo "2294"]
[BlackElo "2288"]
[PlyCount "107"]

1. c4 c5 2. Nf3 Nf6 3. d4 cxd4 4. Nxd4 e6 5. a3 b6 6. f3 Be7 7. e4 d6 8. Be3
O-O 9. Be2 Bb7 10. O-O Nbd7 11. b4 d5 12. exd5 exd5 13. Nf5 Re8 14. Qd4 Bf8 15.
Nc3 Ne5 16. Rfd1 Qc8 17. Ng3 dxc4 18. Bg5 Qc6 19. Qh4 Rac8 20. Bxf6 Qxf6 21.
Qxf6 gxf6 22. f4 Ng6 23. Nh5 Bg7 24. Kf2 Bh8 25. Nb5 f5 26. Rac1 Bb2 27. Rc2 c3
28. Nd6 Be4 29. Nf6+ Kf8 30. Nfxe4 fxe4 31. Nxe8 Rxe8 32. g3 Bxa3 33. b5 Bb4
34. Bg4 Ne7 35. Bd7 Rd8 36. Ke2 f6 37. Ra2 Ba5 38. f5 Nc8 39. Bc6 Nd6 40. g4
Ke7 41. h3 Rc8 42. Ke3 a6 43. Bxe4 Nc4+ 44. Kf4 axb5 45. Re2 Kf8 46. Rd7 Re8
47. Rxh7 Re5 48. g5 c2 49. Rxc2 Bd2+ 50. Kf3 Bxg5 51. Ra2 Na5 52. h4 Kg8 53.
Rc7 Bxh4 54. Rd2 1-0

[Event "74. Deutsche Meisterschaft"]
[Site "Saarbruecken"]
[Date "2002.11.29"]
[Round "8"]
[White "Schunk, Eduard"]
[Black "Kersten, Uwe"]
[Result "0-1"]
[WhiteElo "2274"]
[BlackElo "2331"]
[PlyCount "120"]

1. e4 c5 2. Nf3 d6 3. d4 cxd4 4. Nxd4 Nf6 5. Nc3 g6 6. Be2 Bg7 7. O-O O-O 8.
Re1 a6 9. Bf1 b6 10. Bg5 Bb7 11. Qd2 Re8 12. Rad1 Nbd7 13. Bh6 Bh8 14. a4 Rc8
15. f3 Ne5 16. b3 Rc5 17. Nce2 d5 18. exd5 Nxd5 19. c4 Nf6 20. Qe3 Qa8 21. Ng3
e6 22. b4 Rcc8 23. Qxe5 Ne4 24. Qxh8+ Kxh8 25. Nxe4 Bxe4 26. Rxe4 e5 27. Nb3
Qc6 28. b5 axb5 29. axb5 Qf6 30. Rde1 g5 31. f4 Qxh6 32. fxe5 Qf8 33. Nd4 Qc5
34. Kh1 Rcd8 35. Nf3 h6 36. h4 Rg8 37. e6 fxe6 38. Rxe6 Rd6 39. Re7 Qf2 40. Rc7
Rg7 41. Rc8+ Rg8 42. Rxg8+ Kxg8 43. c5 bxc5 44. Bc4+ Kg7 45. Rf1 Qc2 46. Ne5
Rd1 47. Kg1 Qd2 48. Nc6 Qe3+ 49. Kh2 Rxf1 50. Bxf1 Qf2 51. b6 Qb2 52. Na5 Qxb6
53. Nc4 Qb1 54. Kg1 Qe1 55. hxg5 hxg5 56. g4 Qg3+ 57. Bg2 Qxg4 58. Ne3 Qe2 59.
Nf5+ Kf6 60. Ng3 Qe1+ 0-1

[Event "74. Deutsche Meisterschaft"]
[Site "Saarbruecken"]
[Date "2002.11.29"]
[Round "8"]
[White "Stewart, Neil"]
[Black "Mueller, Matthias"]
[Result "0-1"]
[WhiteElo "2388"]
[BlackElo "2403"]
[PlyCount "74"]

1. e4 e5 2. Nf3 Nc6 3. Bb5 a6 4. Ba4 Nf6 5. O-O b5 6. Bb3 Bc5 7. a4 Rb8 8. axb5
axb5 9. c3 d6 10. d4 Bb6 11. h3 O-O 12. Re1 Bb7 13. Na3 exd4 14. cxd4 Na5 15.
Bc2 b4 16. Nb1 c5 17. e5 dxe5 18. dxc5 Bc7 19. Nxe5 b3 20. Bd3 Qd5 21. c6 Nxc6
22. Nc3 Qc5 23. Na4 Qd6 24. Bf4 Rfe8 25. Ng6 Rxe1+ 26. Qxe1 Qxd3 27. Bxc7 Re8
28. Qd1 Qxd1+ 29. Rxd1 hxg6 30. Nc5 Bc8 31. Nxb3 Bf5 32. Rc1 Nb4 33. Nd4 Rc8
34. Bf4 Rxc1+ 35. Bxc1 Nd3 36. Nxf5 gxf5 37. Bd2 Ne4 0-1

[Event "74. Deutsche Meisterschaft"]
[Site "Saarbruecken"]
[Date "2002.11.29"]
[Round "8"]
[White "Tabatt, Hendrik"]
[Black "Bastian, Herbert"]
[Result "0-1"]
[WhiteElo "2222"]
[BlackElo "2376"]
[PlyCount "62"]

1. d4 Nf6 2. Nf3 g6 3. Bg5 Bg7 4. Nbd2 d6 5. e4 h6 6. Bxf6 Bxf6 7. e5 Bg7 8.
Qe2 O-O 9. O-O-O c5 10. dxc5 Qa5 11. cxd6 exd6 12. Kb1 dxe5 13. Nc4 Qc5 14.
Ncxe5 Nc6 15. Nxc6 bxc6 16. Qe3 Qa5 17. Bc4 Rb8 18. Bb3 Be6 19. Nd4 Bd5 20. Qd2
Qb6 21. c3 Bxg2 22. Rhg1 Be4+ 23. Ka1 c5 24. Qf4 Bd5 25. Nc6 Bxb3 26. Nxb8 Qa5
27. a3 Bxc3 28. Kb1 Bxd1 29. Nc6 Qb5 30. Ne7+ Kh7 31. Qc1 Bf6 0-1

[Event "74. Deutsche Meisterschaft"]
[Site "Saarbruecken"]
[Date "2002.11.29"]
[Round "8"]
[White "Langrock, Hannes"]
[Black "Singer, Christoph"]
[Result "1/2-1/2"]
[WhiteElo "2265"]
[BlackElo "2341"]
[PlyCount "62"]

1. e4 e5 2. Nf3 Nc6 3. Bb5 Nf6 4. O-O Nxe4 5. d4 Be7 6. Qe2 Nd6 7. Bxc6 bxc6 8.
dxe5 Nb7 9. Nc3 O-O 10. Re1 Nc5 11. Bf4 Ne6 12. Bg3 f5 13. exf6 Bxf6 14. Ne5
Bxe5 15. Qxe5 d6 16. Qe3 Bd7 17. Rad1 Qb8 18. b3 $11 Qb6 19. Na4 Qxe3 20. Rxe3
Rae8 21. c4 c5 22. Nc3 Bc6 23. Rde1 Kf7 24. f3 Nd4 25. Rxe8 Rxe8 26. Rxe8 Kxe8
27. Kf2 Kd7 28. Bf4 Ke6 29. Bd2 a6 30. Ne2 Be8 31. Bc3 Nxe2 1/2-1/2

[Event "74. Deutsche Meisterschaft"]
[Site "Saarbruecken"]
[Date "2002.11.29"]
[Round "8"]
[White "Vatter, Hans-Joachim"]
[Black "Barmbold, Jens"]
[Result "1/2-1/2"]
[WhiteElo "2320"]
[BlackElo "2190"]
[PlyCount "74"]

1. e4 c5 2. Nf3 d6 3. d4 cxd4 4. Nxd4 Nf6 5. Nc3 a6 6. Bg5 e6 7. f4 Be7 8. Qf3
Qc7 9. O-O-O Nbd7 10. Qg3 b5 11. Bxf6 Nxf6 12. e5 dxe5 13. fxe5 Nd7 14. Nf3 O-O
15. Bd3 Nc5 16. Ne4 Nxe4 17. Bxe4 Bb7 18. Bxb7 Qxb7 19. Rd4 Rfd8 20. Rg4 Bf8
21. a3 Rac8 22. Kb1 a5 23. Rh4 b4 24. Ng5 Rc3 25. Rxh7 Rxg3 26. hxg3 Rd1+ 27.
Rxd1 bxa3 28. b3 g6 29. Rxf7 Qc8 30. Rf6 a2+ 31. Kb2 Ba3+ 32. Kxa3 a1=Q+ 33.
Rxa1 Qc5+ 34. Ka2 Qxc2+ 35. Ka3 Qc5+ 36. Ka2 Qc2+ 37. Ka3 Qc5+ 1/2-1/2

[Event "74. Deutsche Meisterschaft"]
[Site "Saarbruecken"]
[Date "2002.11.29"]
[Round "8"]
[White "Bischof, Detlef"]
[Black "Scherer, Max"]
[Result "1-0"]
[WhiteElo "2268"]
[BlackElo "2339"]
[PlyCount "129"]

1. d4 b6 2. e4 e6 3. c4 Bb7 4. Bd3 f5 5. exf5 Bb4+ 6. Kf1 Nf6 7. c5 bxc5 8. a3
c4 9. Bxc4 Ba5 10. fxe6 Nc6 11. Nf3 dxe6 12. Be3 O-O 13. Nc3 Bxc3 14. Bxe6+ Kh8
15. bxc3 Qe7 16. Bc4 Ne4 17. Qc2 Rae8 18. Bd3 Nd8 19. Ne5 Qh4 20. Kg1 Nd6 21.
h3 Ne6 22. Nd7 Rf7 23. Ne5 Rf6 24. Nd7 Rf7 25. Nc5 Ba8 26. Nxe6 Rxe6 27. c4 Be4
28. Rb1 Rf8 29. c5 Nf5 30. Bxe4 Rxe4 31. Bg5 Nxd4 32. Bxh4 Nxc2 33. Bg3 Nxa3
34. Rb7 h5 35. Rxa7 Nb5 36. Rb7 c6 37. Rb6 Rf6 38. h4 Rc4 39. Kh2 Rxc5 40. Re1
Rc4 41. Re7 Rg4 42. f3 Rc4 43. Re5 Rh6 44. Rg5 Nd4 45. Rb7 Ne6 46. Rf5 Kh7 47.
Rd7 Rc5 48. Rff7 Rc2 49. f4 Kg8 50. f5 Nf8 51. Rxg7+ Kh8 52. Ra7 Rc5 53. Rgf7
Kg8 54. Rg7+ Kh8 55. Rgf7 Kg8 56. Bf4 Rh7 57. Rxf8+ Kxf8 58. Rxh7 Rxf5 59. Bg5
Rf7 60. Rxh5 Kg7 61. Kg3 Rd7 62. Be3 Kg6 63. Rh6+ Kf5 64. Rxc6 Rd3 65. Kf3 1-0

[Event "74. Deutsche Meisterschaft"]
[Site "Saarbruecken. Germany."]
[Date "2002.11.30"]
[Round "9"]
[White "Luther, Thomas"]
[Black "Gutman, Lev"]
[Result "1-0"]
[WhiteElo "2538"]
[BlackElo "2476"]
[PlyCount "77"]

1. e4 c5 2. Nf3 Nc6 3. d4 cxd4 4. Nxd4 Qc7 5. Nc3 e6 6. f4 Nxd4 7. Qxd4 a6 8.
a4 Ne7 9. Be3 d5 10. O-O-O Nc6 11. Qb6 Qxb6 12. Bxb6 dxe4 13. Nxe4 Bd7 14. b3
f5 15. Nc5 Bxc5 16. Bxc5 Rc8 17. Ba3 Ne7 18. Bd3 Rf8 19. Rhe1 Rf6 20. Bc4 Rh6
21. h3 Rc7 22. Bd6 Rc8 23. g4 b5 24. g5 bxc4 25. gxh6 cxb3 26. Bxe7 Kxe7 27.
hxg7 bxc2 28. Rd4 Rg8 29. Rg1 Be8 30. h4 Bg6 31. Rg5 Kf6 32. h5 Bf7 33. h6 Rc8
34. Rg2 Rb8 35. Kxc2 e5 36. Rd6+ Ke7 37. fxe5 f4 38. Rxa6 Bd5 39. g8=Q 1-0

[Event "74. Deutsche Meisterschaft"]
[Site "Saarbruecken. Germany."]
[Date "2002.11.30"]
[Round "9"]
[White "Handke, Florian"]
[Black "Naiditsch, Arkadij"]
[Result "1-0"]
[WhiteElo "2504"]
[BlackElo "2586"]
[PlyCount "79"]

1. Nf3 Nf6 2. c4 g6 3. Nc3 Bg7 4. d4 O-O 5. e4 d6 6. Be2 e5 7. d5 Nbd7 8. Bg5
a6 9. Nd2 h6 10. Be3 Ne8 11. g4 c6 12. h4 cxd5 13. cxd5 b5 14. a3 f5 15. gxf5
gxf5 16. exf5 Ndf6 17. Bd3 e4 18. Ndxe4 Nxe4 19. Bxe4 Bxf5 20. Bxf5 Rxf5 21.
Qg4 Qf6 22. Rd1 h5 23. Qh3 Qg6 24. Ke2 Nf6 25. Rhg1 Qh7 26. Bd4 Ng4 27. Rxg4
hxg4 28. Qxg4 Re8+ 29. Kd2 Rf7 30. Rg1 Kh8 31. h5 Rg8 32. h6 Qxh6+ 33. Kc2 Qh7+
34. Kb3 Be5 35. Bxe5+ dxe5 36. Qd1 Rxg1 37. Qxg1 Qh4 38. Ka2 Rxf2 39. Qg6 Rf8
40. Qd6 1-0

[Event "74. Deutsche Meisterschaft"]
[Site "Saarbruecken. Germany."]
[Date "2002.11.30"]
[Round "9"]
[White "Graf, Alexander"]
[Black "Jussupov, Artur"]
[Result "1-0"]
[WhiteElo "2635"]
[BlackElo "2621"]
[PlyCount "79"]

1. d4 Nf6 2. c4 e6 3. Nc3 Bb4 4. Nf3 b6 5. Bg5 Bb7 6. e3 h6 7. Bh4 g5 8. Bg3
Ne4 9. Qc2 d6 10. Bd3 Bxc3+ 11. bxc3 Nxg3 12. fxg3 Nd7 13. O-O Qe7 14. Rf2 O-O
15. g4 c5 16. Nd2 Rac8 17. Raf1 d5 18. cxd5 Bxd5 19. Be4 cxd4 20. exd4 b5 21.
Qd3 a6 22. a4 bxa4 23. c4 Bxe4 24. Nxe4 Qb4 25. Qh3 Qxc4 26. Qxh6 Qxd4 27.
Qxg5+ Qg7 28. Qe7 Ne5 29. Nf6+ Kh8 30. Qa3 Nxg4 31. Qh3+ Nh6 32. Rf3 Rc5 33.
Nd7 Rf5 34. Rxf5 exf5 35. Nxf8 Qd4+ 36. Kh1 Kg7 37. Qa3 Ng4 38. h3 Ne3 39. Qe7
Qb6 40. Nd7 1-0

[Event "74. Deutsche Meisterschaft"]
[Site "Saarbruecken. Germany."]
[Date "2002.11.30"]
[Round "9"]
[White "Dautov, Rustem"]
[Black "Slobodjan, Roman"]
[Result "1-0"]
[WhiteElo "2617"]
[BlackElo "2521"]
[PlyCount "105"]

1. d4 Nf6 2. c4 e6 3. Nf3 b6 4. g3 Ba6 5. b3 d5 6. cxd5 exd5 7. Bg2 Bb4+ 8. Bd2
Bxd2+ 9. Qxd2 O-O 10. O-O Re8 11. Re1 Qd6 12. e3 Nbd7 13. Nc3 c6 14. Rac1 Rad8
15. Red1 Bb7 16. Qb2 Ng4 17. h3 Ngf6 18. b4 Qb8 19. a4 Ne4 20. Nxe4 dxe4 21.
Ng5 Nf6 22. Qb1 c5 23. bxc5 Bd5 24. h4 bxc5 25. Rxc5 Qd6 26. Rdc1 Rb8 27. Rb5
h6 28. Nh3 a6 29. Rb2 Rxb2 30. Qxb2 Rb8 31. Qc3 Rb4 32. Qc8+ Kh7 33. Nf4 Bb7
34. Qc7 Qf8 35. h5 Rb2 36. Bh3 Kg8 37. Bf5 Rb4 38. Rc5 Qe8 39. a5 Qf8 40. Kg2
Rb2 41. Re5 Ba8 42. Bc8 Ne8 43. Qc3 Rb8 44. Bxa6 Nf6 45. Rc5 Qd6 46. Rc8+ Kh7
47. Qc7 Qxc7 48. Rxc7 Nd5 49. Rxf7 Rb2 50. Nxd5 Bxd5 51. Rd7 Bc6 52. Rc7 Bd5
53. Bc8 1-0

[Event "74. Deutsche Meisterschaft"]
[Site "Saarbruecken. Germany."]
[Date "2002.11.30"]
[Round "9"]
[White "Bischoff, Klaus"]
[Black "Kalinitschew, Sergej"]
[Result "1/2-1/2"]
[WhiteElo "2554"]
[BlackElo "2485"]
[PlyCount "52"]

1. c4 e5 2. Nc3 Nf6 3. Nf3 Nc6 4. d3 Bb4 5. Bd2 O-O 6. e3 Re8 7. Be2 Bxc3 8.
Bxc3 d5 9. cxd5 Nxd5 10. O-O Nxc3 11. bxc3 b6 12. Qc2 Bb7 13. Rfd1 Qf6 14. Nd2
Qg6 15. e4 Rad8 16. Nc4 f5 17. exf5 Qxf5 18. Bf3 Nb4 19. cxb4 Bxf3 20. gxf3 Re6
21. Nd2 Rg6+ 22. Kf1 Rxd3 23. Rac1 Rgd6 24. Ne4 Qxf3 25. Nxd6 Qh1+ 26. Ke2 Qf3+
1/2-1/2

[Event "74. Deutsche Meisterschaft"]
[Site "Saarbruecken. Germany."]
[Date "2002.11.30"]
[Round "9"]
[White "Gisbrecht, Ewgeni"]
[Black "Mueller, Karsten"]
[Result "1-0"]
[WhiteElo "2414"]
[BlackElo "2518"]
[PlyCount "131"]

1. Nf3 d5 2. c4 c6 3. d4 Nf6 4. Qc2 dxc4 5. Qxc4 Bf5 6. g3 e6 7. Bg2 Nbd7 8.
O-O Nb6 9. Qb3 Qd5 10. Nbd2 Be7 11. e3 Ne4 12. Qd1 Nxd2 13. Nxd2 Qd7 14. Nb3
Rd8 15. e4 Bg6 16. Qe2 Na4 17. Be3 O-O 18. Rfd1 f5 19. exf5 Bxf5 20. Bf4 Nb6
21. Nc5 Bxc5 22. dxc5 Nd5 23. Bd6 Rfe8 24. Re1 Nb4 25. Rad1 Qf7 26. Qc4 Nd5 27.
h3 b5 28. Qd4 a5 29. a3 a4 30. Re5 Qf6 31. Rde1 Bg6 32. Qd2 Ra8 33. Qe2 Qf7 34.
Rxe6 Rxe6 35. Qxe6 Qxe6 36. Rxe6 Re8 37. Rxe8+ Bxe8 38. Kf1 h5 39. Ke2 Bg6 40.
Bf3 Kf7 41. Be5 Kf8 42. Kd2 Kf7 43. Be2 Kf8 44. f4 Kf7 45. Bf3 Kf8 46. g4 hxg4
47. hxg4 Bf7 48. Kd3 g6 49. Kd4 Be6 50. Ke4 Ke7 51. Bd4 Kd7 52. Ke5 Ke7 53. Bf2
Kd7 54. f5 gxf5 55. gxf5 Bf7 56. Bg4 Nc7 57. Kf6 Bb3 58. Bd4 Bc4 59. Kg7 Ke7
60. Bf6+ Kd7 61. Be5 Ne8+ 62. Kf8 Kd8 63. Bh5 Nc7 64. Bxc7+ Kxc7 65. Ke7 Kb7
66. Bf3 1-0

[Event "74. Deutsche Meisterschaft"]
[Site "Saarbruecken. Germany."]
[Date "2002.11.30"]
[Round "9"]
[White "Kritz, Leonid"]
[Black "Huebner, Robert"]
[Result "1/2-1/2"]
[WhiteElo "2476"]
[BlackElo "2640"]
[PlyCount "60"]

1. Nf3 Nf6 2. b3 d5 3. Bb2 Bg4 4. e3 Nbd7 5. d3 e5 6. h3 Bxf3 7. Qxf3 Bb4+ 8.
c3 Bd6 9. Nd2 Qe7 10. Qd1 Ba3 11. Bxa3 Qxa3 12. d4 O-O 13. Be2 c5 14. dxe5 Nxe5
15. O-O Qb2 16. Qc1 Qxc1 17. Raxc1 Rad8 18. Rfd1 b6 19. Bb5 g6 20. f4 Ned7 21.
e4 dxe4 22. Nxe4 Nxe4 23. Bxd7 Kg7 24. c4 h5 25. Rd3 f5 26. Rcd1 Rf6 27. h4 a6
28. g3 Rb8 29. a4 Rd8 30. Kg2 Kf8 1/2-1/2

[Event "74. Deutsche Meisterschaft"]
[Site "Saarbruecken. Germany."]
[Date "2002.11.30"]
[Round "9"]
[White "Breutigam, Martin"]
[Black "Gustafsson, Jan"]
[Result "1/2-1/2"]
[WhiteElo "2398"]
[BlackElo "2554"]
[PlyCount "172"]

1. d4 d5 2. c4 e6 3. Nc3 Nf6 4. cxd5 Nxd5 5. e4 Nxc3 6. bxc3 c5 7. Nf3 cxd4 8.
cxd4 Bb4+ 9. Bd2 Bxd2+ 10. Qxd2 O-O 11. Be2 b6 12. O-O Bb7 13. Qf4 Qf6 14. Qe3
Nc6 15. Rad1 Rfd8 16. h4 Rac8 17. Rfe1 Nb4 18. Bd3 Qe7 19. Bb1 Nc2 20. Bxc2
Rxc2 21. d5 exd5 22. exd5 Qxe3 23. Rxe3 Kf8 24. Ra3 Rxd5 25. Rb1 Rd6 26. Rxa7
Bxf3 27. gxf3 g6 28. Re1 Rf6 29. Kg2 Rc4 30. Re4 Rc3 31. Re3 Rc2 32. a4 Ra2 33.
Ra6 Kg7 34. Kg3 Rb2 35. Ra7 Rf5 36. Rb7 Rb4 37. Re4 Rb1 38. Ree7 Rg1+ 39. Kh2
Ra1 40. Kg3 Rg1+ 41. Kh2 Ra1 42. Kg3 Ra3 43. Re3 Rxa4 44. Rxb6 Rff4 45. Re4
Rfxe4 46. fxe4 Rxe4 47. Rb7 Kf6 48. Ra7 Re5 49. Rb7 Rf5 50. Rb6+ Kg7 51. Rb7
Kh6 52. Ra7 Kg7 53. Rb7 Ra5 54. Rc7 Ra3+ 55. f3 Ra6 56. Rb7 Kf6 57. Rc7 Re6 58.
Ra7 Re7 59. Ra6+ Kg7 60. Ra5 Kh6 61. Rb5 Ra7 62. Rb4 f6 63. Rb6 f5 64. Rb4 Kh5
65. Rc4 Ra3 66. Rb4 h6 67. Rc4 g5 68. hxg5 hxg5 69. Kg2 Ra2+ 70. Kh3 Ra3 71.
Kg2 Ra2+ 72. Kh3 Rf2 73. Kg3 Re2 74. Rc8 f4+ 75. Kh3 Rf2 76. Rh8+ Kg6 77. Rg8+
Kf6 78. Rxg5 Rxf3+ 79. Kg2 Kxg5 80. Kxf3 Kf5 81. Kf2 Ke4 82. Ke2 f3+ 83. Kf2
Kf4 84. Kf1 Ke3 85. Ke1 f2+ 86. Kf1 Kf3 1/2-1/2

[Event "74. Deutsche Meisterschaft"]
[Site "Saarbruecken"]
[Date "2002.11.30"]
[Round "9"]
[White "Kersten, Uwe"]
[Black "Becking, Stephan"]
[Result "1/2-1/2"]
[WhiteElo "2407"]
[BlackElo "2294"]
[PlyCount "55"]

1. e4 e6 2. d4 d5 3. Nd2 Nf6 4. e5 Nfd7 5. c3 c5 6. f4 Nc6 7. Ndf3 Qb6 8. h4 f6
9. Bd3 Be7 10. Ne2 f5 11. h5 O-O 12. Rg1 Qd8 13. g4 Nb6 14. Kf2 Bd7 15. gxf5
exf5 16. Rg2 Rf7 17. a3 a5 18. Be3 c4 19. Bc2 Qe8 20. Qh1 Nd8 21. Rag1 Ne6 22.
Ng3 Qf8 23. Nh4 Bxh4 24. Qxh4 Kh8 25. Nf1 Nc8 26. Nd2 Ne7 27. Nf3 Ng8 28. Ng5
1/2-1/2

[Event "74. Deutsche Meisterschaft"]
[Site "Saarbruecken"]
[Date "2002.11.30"]
[Round "9"]
[White "Siebrecht, Sebastian"]
[Black "Tischbierek, Raj"]
[Result "1/2-1/2"]
[WhiteElo "2426"]
[BlackElo "2532"]
[PlyCount "44"]

1. d4 d5 2. Nf3 Nf6 3. e3 Bf5 4. c4 c6 5. cxd5 cxd5 6. Qb3 Qc7 7. Nc3 e6 8. Bd2
Nc6 9. Rc1 Rc8 10. Ne5 Nd7 11. Nb5 Qb6 12. a4 Ndxe5 13. a5 Qd8 14. dxe5 a6 15.
Nd6+ Bxd6 16. exd6 Nxa5 17. Qa4+ Nc6 18. Bxa6 Qd7 19. Rxc6 Rxc6 20. Bb5 O-O 21.
Bxc6 bxc6 22. Qa3 c5 1/2-1/2

[Event "74. Deutsche Meisterschaft"]
[Site "Saarbruecken"]
[Date "2002.11.30"]
[Round "9"]
[White "Mueller, Matthias"]
[Black "Seger, Ruediger"]
[Result "0-1"]
[WhiteElo "2403"]
[BlackElo "2406"]
[PlyCount "42"]

1. e4 c6 2. d4 d5 3. Nc3 dxe4 4. Nxe4 Bf5 5. Ng3 Bg6 6. h4 h6 7. Nf3 Nd7 8. h5
Bh7 9. Bd3 Bxd3 10. Qxd3 Qc7 11. Bd2 Ngf6 12. O-O-O O-O-O 13. Qe2 e6 14. Ne5
Nb6 15. Rh4 Bd6 16. c4 c5 17. Kb1 Na4 18. Bf4 cxd4 19. Rxd4 Ba3 20. Nd7 Qc6 21.
Nxf6 Rxd4 0-1

[Event "74. Deutsche Meisterschaft"]
[Site "Saarbruecken"]
[Date "2002.11.30"]
[Round "9"]
[White "Holzhaeuer, Mathias"]
[Black "Schnuk, Thomas"]
[Result "1-0"]
[WhiteElo "2407"]
[BlackElo "2294"]
[PlyCount "153"]

1. e4 e5 2. Nf3 d6 3. d4 Nf6 4. dxe5 Nxe4 5. Qd5 Nc5 6. Bg5 Qd7 7. exd6 Bxd6 8.
Nc3 Qe6+ 9. Be3 Qxd5 10. Nxd5 Ne6 11. O-O-O Nc6 12. Nd2 Ne7 13. Nc4 Nxd5 14.
Nxd6+ cxd6 15. Rxd5 Ke7 16. Bc4 b6 17. Rhd1 Rd8 18. R5d3 Bb7 19. Bd5 Bxd5 20.
Rxd5 Rac8 21. b3 Rc6 22. Kb2 h6 23. c4 Rdc8 24. a4 Nc7 25. R5d3 Ne6 26. Rd5 Nc7
27. R5d2 Ne6 28. g4 g5 29. h4 Rg8 30. hxg5 hxg5 31. Rh1 Rcc8 32. a5 bxa5 33.
Ra1 a6 34. Rd5 f6 35. Rdxa5 Nc7 36. Rh1 Rb8 37. Re1 Kd7 38. Bd4 Rge8 39. Rxe8
Rxe8 40. Rf5 Re4 41. Bxf6 Rxg4 42. Bxg5 Kc6 43. Be3 Re4 44. Rf6 Ne6 45. Kc3 Kd7
46. Rf7+ Kc6 47. Re7 d5 48. cxd5+ Kxd5 49. Ra7 Nc5 50. Bxc5 Kxc5 51. Rxa6 Rf4
52. Ra5+ Kb6 53. Ra2 Kb5 54. Rc2 Rf3+ 55. Kd4 Rf8 56. Ke5 Re8+ 57. Kf6 Rf8+ 58.
Ke7 Rf3 59. Ke6 Rf8 60. Ke7 Rf3 61. Re2 Kc5 62. Ke6 Rxb3 63. f4 Rb8 64. Kf7
Rb7+ 65. Re7 Rb4 66. f5 Kd6 67. f6 Rb1 68. Re2 Rb7+ 69. Kg8 Rb1 70. f7 Rg1+ 71.
Kf8 Kd7 72. Rd2+ Kc7 73. Rd4 Rg2 74. Ke7 Re2+ 75. Kf6 Rf2+ 76. Ke6 Rf1 77. Rd5
1-0

[Event "74. Deutsche Meisterschaft"]
[Site "Saarbruecken"]
[Date "2002.11.30"]
[Round "9"]
[White "Zeller, Frank"]
[Black "Bastian, Herbert"]
[Result "0-1"]
[WhiteElo "2454"]
[BlackElo "2376"]
[PlyCount "82"]

1. e4 c5 2. Nf3 a6 3. Nc3 e6 4. d4 cxd4 5. Nxd4 Qc7 6. Bd3 Nf6 7. O-O Bc5 8.
Nb3 Be7 9. f4 d6 10. Bd2 Nc6 11. Qf3 Bd7 12. Kh1 O-O-O 13. Be3 h6 14. Na4 Nd4
15. Nxd4 Bxa4 16. c4 Kb8 17. b4 g5 18. f5 d5 19. exd5 e5 20. Ne2 e4 21. Bxe4 g4
22. Qf4 Bd6 23. Nc3 Qxc4 24. Nxa4 Nxe4 25. Nb6 Qxb4 26. a3 Bxf4 27. Bxf4+ Qd6
28. a4 a5 29. Nc4 Qxf4 30. Rxf4 Rhe8 31. d6 h5 32. Kg1 Nxd6 33. Nxa5 Re5 34.
Nb3 Nxf5 35. Raf1 Ne3 36. Re1 Rd3 37. Nd4 f5 38. Nb5 b6 39. Rb4 Rc5 40. Nd4 Nd5
41. Re8+ Kb7 0-1

[Event "74. Deutsche Meisterschaft"]
[Site "Saarbruecken"]
[Date "2002.11.30"]
[Round "9"]
[White "Baramidze, David"]
[Black "Schulz, Karsten"]
[Result "0-1"]
[WhiteElo "2319"]
[BlackElo "2321"]
[PlyCount "80"]

1. e4 g6 2. d4 Bg7 3. Nc3 d5 4. exd5 Nf6 5. Bc4 Nbd7 6. Bg5 Nb6 7. Bxf6 Bxf6 8.
Bb3 O-O 9. Nge2 Bg4 10. f3 Bd7 11. O-O Bg7 12. Qd2 Kh8 13. Rad1 a5 14. a3 a4
15. Ba2 Nc8 16. Ne4 Nd6 17. c4 Nf5 18. N4g3 Bh6 19. f4 Nh4 20. Bb1 b5 21. c5
Bg4 22. h3 Bc8 23. Nc3 Rb8 24. Qe2 b4 25. axb4 Rxb4 26. f5 Bg7 27. Qe4 Bf6 28.
fxg6 Nxg6 29. Nh5 Rxb2 30. Nxa4 Rb4 31. Nxf6 exf6 32. Nc3 Rb2 33. Rde1 Rg8 34.
Kh1 f5 35. Qd3 Qg5 36. Re2 Nf4 37. Rxf4 Rxe2 38. Rg4 Qc1+ 39. Kh2 Re3 40. Rxg8+
Kxg8 0-1

[Event "74. Deutsche Meisterschaft"]
[Site "Saarbruecken"]
[Date "2002.11.30"]
[Round "9"]
[White "Schmidt, Harald"]
[Black "Vatter, Hans-Joachim"]
[Result "1/2-1/2"]
[WhiteElo "2332"]
[BlackElo "2320"]
[PlyCount "147"]

1. c4 e5 2. a3 c6 3. d4 d6 4. dxe5 dxe5 5. Qxd8+ Kxd8 6. Nf3 f6 7. Nc3 Be6 8.
e3 a5 9. Bd2 a4 10. Be2 Nd7 11. Ne4 Ne7 12. O-O Nc8 13. Rfd1 Kc7 14. Rac1 Nc5
15. Nxc5 Bxc5 16. Bc3 Nd6 17. Ne1 Ne4 18. Nd3 Nxc3 19. Rxc3 Be7 20. Kf1 Rhd8
21. Ke1 Rd7 22. h3 g6 23. Nb4 Rxd1+ 24. Kxd1 f5 25. Kc1 Kb6 26. Nd3 e4 27. Nb4
Rd8 28. Na2 Bf6 29. Rc2 Kc5 30. Nc3 Ra8 31. g3 g5 32. g4 Bxc3 33. Rxc3 f4 34.
f3 exf3 35. Bxf3 Bxc4 36. exf4 gxf4 37. g5 Re8 38. Kd2 Kd4 39. h4 Re5 40. Bd1
b5 41. Rf3 Rf5 42. Bc2 Rf7 43. h5 Ke5 44. h6 Rd7+ 45. Ke1 Bd5 46. Rh3 Bg8 47.
Rh5 f3 48. g6+ Kf4 49. Rf5+ Kg3 50. Rf8 Re7+ 51. Kd2 f2 52. Bd3 Rd7 53. Ke3
hxg6 54. Rf3+ Kh4 55. Rxf2 Re7+ 56. Kd4 Rd7+ 57. Kc3 Bh7 58. Rf6 g5 59. Be2 Be4
60. Re6 Bd5 61. Rg6 Be4 62. Rg7 Rd8 63. Re7 Bd5 64. h7 g4 65. Rg7 g3 66. Bf3
Rh8 67. Bxd5 cxd5 68. Kd4 Kh3 69. Ke3 Kh2 70. Kf3 Rf8+ 71. Ke2 Rh8 72. Kf3 Rf8+
73. Ke2 Rh8 74. Kf3 1/2-1/2

[Event "74. Deutsche Meisterschaft"]
[Site "Saarbruecken"]
[Date "2002.11.30"]
[Round "9"]
[White "Singer, Christoph"]
[Black "Bischof, Detlef"]
[Result "1-0"]
[WhiteElo "2341"]
[BlackElo "2268"]
[PlyCount "78"]

1. d4 d5 2. Bf4 Nf6 3. c3 c5 4. e3 Nc6 5. Nf3 Qb6 6. Qb3 c4 7. Qc2 Bf5 8. Qc1
e6 9. h3 Qa5 10. Nbd2 b5 11. a3 Qb6 12. g4 Bg6 13. Nh4 Be4 14. f3 Bd3 15. Bxd3
cxd3 16. Ng2 h5 17. Kf2 hxg4 18. hxg4 Rxh1 19. Qxh1 Na5 20. g5 Nd7 21. b4 Nc4
22. Nxc4 bxc4 23. a4 a6 24. Qh2 g6 25. Qh7 Bd6 26. Qg8+ Nf8 27. Rh1 Ke7 28. Qg7
Ke8 29. Rh8 Be7 30. Rh1 Qc6 31. Ra1 Bxb4 32. cxb4 d2 33. e4 c3 34. exd5 Qc4 35.
Ne3 Qd3 36. Bd6 Kd7 37. Bxf8 Ke8 38. dxe6 Ra7 39. Bd6 c2 1-0

[Event "74. Deutsche Meisterschaft"]
[Site "Saarbruecken"]
[Date "2002.11.30"]
[Round "9"]
[White "Bischoff, Dieter"]
[Black "Langrock, Hannes"]
[Result "0-1"]
[WhiteElo "2233"]
[BlackElo "2265"]
[PlyCount "48"]

1. d4 e6 2. c4 b6 3. Nc3 Bb7 4. e4 Bb4 5. Bd3 f5 6. Qh5+ g6 7. Qe2 Nf6 8. f3
Nc6 9. e5 Nxd4 10. Qf2 Nh5 11. Be3 Nc6 12. f4 Qe7 13. Nge2 Bc5 14. a3 Bxe3 15.
Qxe3 Rg8 16. Qh3 O-O-O 17. O-O-O Qf7 18. Rhg1 g5 19. g3 Rg7 20. Qf1 Rdg8 21.
Qf2 Ne7 22. fxg5 Rxg5 23. g4 Rxg4 24. Rxg4 Rxg4 0-1